01639nam a2200289 a 450000100100000000500170001000800410002702000150006804000250008308200140010810000420012224501190016426000780028330000190036149000560038050500850043650400410052170000590056283000630062195201080068495201080079295201080090095201080100895201080111695201080122499900170133200004160720201002035649.0131014s19782002sp 000 0 spa d a8400037898 aDO-SdBNPbspacBNPHU axxxxbxxx1 aLleonart y Amselem, Alberto J.96837910aEspaña y Onu. :bla cuestión Española /cAlberto J. Lleonart y Amselem, Fernando María Castiella y Maíz. aMadrid, :bConsejo Superior de Investigaciones Científicas,c1978-2002. a6 v. ;c21 cm.1 aEspaña y la organización de las Naciones Unidas0 gv. 1t1945-46gv. 2t1947gv. 3t1948-49gv. 4t1950gv 5t1951gv. 6t1952-1955 aIncluye referencias bibliografícas1 aCastiella y Maíz, Fernando Maríad1907-1976968380 0aEspaña y la organización de las Naciones Unidas968381 001050718MOaGRbGRcCTd2013-10-14iLF1l0ov. 1p41607-10r2020-06-25w2020-06-25y1ZNo se presta 001050718MOaGRbGRcCTd2013-10-14iLF1l0ov. 2p41607-20r2020-06-25w2020-06-25y1ZNo se presta 001050718MOaGRbGRcCTd2013-10-14iLF1l0ov. 3p41607-30r2020-06-25w2020-06-25y1ZNo se presta 001050718MOaGRbGRcCTd2013-10-14iLF1l0ov. 4p41607-40r2020-06-25w2020-06-25y1ZNo se presta 001050718MOaGRbGRcCTd2013-10-14iLF1l0ov. 5p41607-50r2020-06-25w2020-06-25y1ZNo se presta 001050718MOaGRbGRcCTd2013-10-14iLF1l0ov. 6p41607-60r2020-06-25w2020-06-25y1ZNo se presta c41097d41097